Indikátory marketingového výkonu

Obsah a význam indikátorov marketingovej činnosti v kontexte marketingovej stratégie podniku. Adaptácia mier úspešnosti podľa typu marketingovej stratégie. Pyramída indikátorov marketingového výkonu. Systém používaných ukazovateľov výkonu prispôsobený a na mieru šitý konkrétnej konkurenčnej a market...

Descrizione completa

Salvato in:
Dettagli Bibliografici
Autore principale: Lesáková, Dagmar, 1949-
Natura: Capitolo di libro
Lingua:slovacco
Soggetti:
Tags: Aggiungi Tag
Nessun Tag, puoi essere il primo ad aggiungerne!!

MARC

LEADER 00000nla$a2200000$$$4500
001 0068969
005 20240502071832.0
041 0 |a slo 
044 |a SK 
245 1 0 |a Indikátory marketingového výkonu  |c Dagmar Lesáková 
520 |a Obsah a význam indikátorov marketingovej činnosti v kontexte marketingovej stratégie podniku. Adaptácia mier úspešnosti podľa typu marketingovej stratégie. Pyramída indikátorov marketingového výkonu. Systém používaných ukazovateľov výkonu prispôsobený a na mieru šitý konkrétnej konkurenčnej a marketingovej stratégii podniku. 
610 2 0 |a marketing 
610 2 0 |a stratégia marketingová 
610 2 0 |a podnik 
610 2 0 |a konkurencia 
610 2 0 |a trh 
610 2 0 |a zákazníci 
610 2 0 |a produkty 
610 2 0 |a značky výrobkov 
610 2 0 |a reklama 
610 2 0 |a ukazovatele 
100 1 |a Lesáková, Dagmar, 1949-